[Event "BCF-chT3S 1718 (4NCL) Promotion pool"]
[Site "England"]
[Date "2018.03.25"]
[Round "8.32"]
[White "Onley, David E"]
[Black "Hewitt, William"]
[Result "1/2-1/2"]
[WhiteElo "2097"]
[BlackElo "2003"]
[PlyCount "78"]
[EventDate "2017.11.11"]
[EventType "team-tourn"]
[EventRounds "11"]
[EventCountry "ENG"]
[SourceTitle "EXT 2020"]
[Source "ChessBase"]
[SourceDate "2019.10.17"]
[SourceVersion "1"]
[SourceVersionDate "2019.10.17"]
[SourceQuality "1"]
[WhiteTeam "Brown Jack"]
[BlackTeam "Rhyfelwyr Essyllwg"]
[WhiteTeamCountry "ENG"]
[BlackTeamCountry "WLS"]

1. e4 c6 2. d4 d5 3. Nd2 dxe4 4. Nxe4 Nd7 5. Nf3 Ngf6 6. Ng3 e6 7. Bd3 Be7 8. Qe2 0-0 9. 0-0 Qc7 10. c4 Re8 11. b3 c5 12. Bb2 b6 13. Rad1 Bb7 14. Ne5 Rad8 15. Bb1 Nf8 16. Rfe1 cxd4 17. Bxd4 Bb4 18. Rf1 Bc5 19. Bc3 Ba8 20. Ng4 Nxg4 21. Qxg4 f5 22. Qg5 h6 23. Qh5 Qb7 24. Qh3 Ng6 25. Nh5 Nh4 26. Nxg7 Nxg2 27. Nxe6 Ne3 28. Rd5 Rxd5 29. Qxh6 Qh7 30. Qg5+ Kf7 31. Qf6+ Kg8 32. cxd5 Nxd5 33. Qg5+ Kf7 34. Bxf5 Qg8 35. Ng7 Nxc3 36. Bg6+ Kxg7 37. Bxe8+ Kf8 38. Qxg8+ Kxg8 39. Re1 Ne4 1/2-1/2

[Event "West Wales op"]
[Site "Swansea"]
[Date "2017.11.19"]
[Round "5"]
[White "Hewitt, William"]
[Black "McCarthy, Moss"]
[Result "1-0"]
[WhiteElo "2110"]
[BlackElo "1950"]
[PlyCount "41"]
[EventDate "2017.11.17"]
[EventType "swiss"]
[EventRounds "5"]
[EventCountry "WLS"]
[SourceTitle "EXT 2020"]
[Source "ChessBase"]
[SourceDate "2019.10.17"]
[SourceVersion "1"]
[SourceVersionDate "2019.10.17"]
[SourceQuality "1"]

1. e4 e5 2. Nf3 Nc6 3. d4 exd4 4. Nxd4 Bc5 5. Nxc6 Qf6 6. Qf3 bxc6 7. Nd2 Qxf3 8. gxf3 d5 9. Nb3 Bd6 10. Be3 Nf6 11. Nd2 0-0 12. 0-0-0 Re8 13. Bd3 Bh3 14. Rhg1 Kf8 15. c4 Nh5 16. cxd5 cxd5 17. Bb5 c6 18. Bxc6 Rec8 19. exd5 Nf4 20. Kb1 Bf5+ 21. Ka1 1-0

[Event "BCF-chT3Sa 1718 (4NCL)"]
[Site "England"]
[Date "2017.11.11"]
[Round "1.34"]
[White "Hewitt, William"]
[Black "Taylor, Mark V"]
[Result "1/2-1/2"]
[WhiteElo "2003"]
[BlackElo "1988"]
[PlyCount "39"]
[EventDate "2017.11.11"]
[EventType "team-tourn"]
[EventRounds "11"]
[EventCountry "ENG"]
[SourceTitle "EXT 2020"]
[Source "ChessBase"]
[SourceDate "2019.10.17"]
[SourceVersion "1"]
[SourceVersionDate "2019.10.17"]
[SourceQuality "1"]
[WhiteTeam "Rhyfelwyr Essyllwg"]
[BlackTeam "Leeds University Old Boys"]
[WhiteTeamCountry "WLS"]
[BlackTeamCountry "ENG"]

1. e4 c5 2. Nf3 e6 3. d4 cxd4 4. Nxd4 Nc6 5. Nc3 Qc7 6. Be2 a6 7. 0-0 Nf6 8. Be3 b5 9. a3 Bb7 10. Nxc6 Bxc6 11. Qd3 Qb7 12. Bf3 d6 13. Rfe1 Be7 14. Bd4 0-0 15. Bxf6 Bxf6 16. Qxd6 Bxc3 17. bxc3 Rfd8 18. Qf4 Qe7 19. Qe3 Rac8 20. Be2 1/2-1/2

[Event "WLS-chT 1718"]
[Site "Wales"]
[Date "2017.11.05"]
[Round "2.10"]
[White "Hewitt, William"]
[Black "Van Kemenade, Rudy"]
[Result "1-0"]
[WhiteElo "2003"]
[BlackElo "1978"]
[PlyCount "57"]
[EventDate "2017.10.22"]
[EventType "team-tourn"]
[EventRounds "5"]
[EventCountry "WLS"]
[SourceTitle "EXT 2020"]
[Source "ChessBase"]
[SourceDate "2019.10.17"]
[SourceVersion "1"]
[SourceVersionDate "2019.10.17"]
[SourceQuality "1"]
[WhiteTeam "White Knights"]
[BlackTeam "Cardigan"]
[WhiteTeamCountry "WLS"]
[BlackTeamCountry "WLS"]

1. e4 e5 2. Nf3 Nf6 3. Nc3 d6 4. d4 Nbd7 5. Bc4 Be7 6. 0-0 h6 7. Re1 c6 8. a4 Qc7 9. a5 Nf8 10. Bb3 g5 11. Qd3 Ng6 12. Qc4 Bd8 13. Be3 Nh5 14. dxe5 dxe5 15. Bb6 Be6 16. Qxe6+ fxe6 17. Bxc7 Bxc7 18. Bxe6 Nhf4 19. Bc4 0-0-0 20. Red1 Rxd1+ 21. Nxd1 g4 22. Ne1 Rd8 23. Ne3 Rd4 24. g3 Nh3+ 25. Kg2 h5 26. Bf7 Ngf4+ 27. gxf4 Rd2 28. f5 Nxf2 29. Nc4 1-0

[Event "South Wales op 14th"]
[Site "Cardiff"]
[Date "2017.07.10"]
[Round "5"]
[White "Taylor, Robert Graham"]
[Black "Hewitt, William"]
[Result "1/2-1/2"]
[WhiteElo "1944"]
[BlackElo "2018"]
[PlyCount "36"]
[EventDate "2017.07.08"]
[EventType "swiss"]
[EventRounds "10"]
[EventCountry "WLS"]
[SourceTitle "EXT 2018"]
[Source "ChessBase"]
[SourceDate "2017.10.13"]
[SourceVersion "1"]
[SourceVersionDate "2017.10.13"]
[SourceQuality "1"]

1. e4 c6 2. b3 d5 3. exd5 cxd5 4. Bb2 Nc6 5. Nf3 e6 6. Be2 Nf6 7. 0-0 Be7 8. d4 0-0 9. Nbd2 Qb6 10. c3 Qc7 11. c4 dxc4 12. bxc4 Rd8 13. Rc1 b6 14. Bd3 Bb7 15. Qe2 Qf4 16. Qe3 Bd6 17. Qxf4 Bxf4 18. Rcd1 Rac8 1/2-1/2

[Event "South Wales op 14th"]
[Site "Cardiff"]
[Date "2017.07.08"]
[Round "1"]
[White "Emblem, Mark"]
[Black "Hewitt, William"]
[Result "0-1"]
[WhiteElo "1567"]
[BlackElo "2018"]
[PlyCount "40"]
[EventDate "2017.07.08"]
[EventType "swiss"]
[EventRounds "10"]
[EventCountry "WLS"]
[SourceTitle "EXT 2018"]
[Source "ChessBase"]
[SourceDate "2017.10.13"]
[SourceVersion "1"]
[SourceVersionDate "2017.10.13"]
[SourceQuality "1"]

1. d4 Nf6 2. Bf4 g6 3. e3 Bg7 4. Nf3 d6 5. Nbd2 0-0 6. h3 c5 7. c3 Nc6 8. Bd3 Re8 9. Qc2 e5 10. Bh2 exd4 11. cxd4 cxd4 12. Nc4 dxe3 13. Nxe3 d5 14. 0-0 Be6 15. Rab1 d4 16. Ng4 Nxg4 17. hxg4 Bxg4 18. b3 Nb4 19. Qd2 Nxd3 20. Qxd3 Bf5 0-1